[Event "FRA-chT2 East 0809"]
[Site "France"]
[Date "2008.10.19"]
[Round "1.5"]
[White "Martin, Cedric"]
[Black "Netzer, Jacques"]
[Result "0-1"]
[WhiteElo "2139"]
[BlackElo "2146"]
[PlyCount "130"]
[EventDate "2008.10.19"]
[EventType "tourn"]
[EventRounds "11"]
[EventCountry "FRA"]
[SourceTitle "EXT 2010"]
[Source "ChessBase"]
[SourceDate "2010.11.25"]
[SourceVersion "1"]
[SourceVersionDate "2010.11.25"]
[SourceQuality "1"]
[WhiteTeam "Mundolsheim"]
[BlackTeam "Bischwiller II"]
[WhiteTeamCountry "FRA"]
[BlackTeamCountry "FRA"]

1. e4 c5 2. Ne2 Nc6 3. d4 cxd4 4. Nxd4 e6 5. Nb5 d6 6. c4 Nf6 7. N1c3 a6 8. Na3 b6 9. Be2 Bb7 10. Be3 Be7 11. 0-0 0-0 12. Rc1 Re8 13. f4 d5 14. cxd5 exd5 15. exd5 Nb4 16. Nc4 Nbxd5 17. Bd4 Nxc3 18. Rxc3 Ne4 19. Rc2 b5 20. Ne5 Qa5 21. Qd3 Rad8 22. Qe3 Qa4 23. Rc7 Qxd4 24. Qxd4 Rxd4 25. Rxb7 Bc5 26. Kh1 Rd2 27. Bf3 Nf2+ 28. Kg1 Nd3+ 29. Kh1 Nf2+ 30. Kg1 Ng4+ 31. Kh1 Nxe5 32. Re1 Rxb2 33. h3 g6 34. Bd5 Re7 35. Rxe7 Bxe7 36. fxe5 Kg7 37. Rf1 f5 38. exf6+ Bxf6 39. Re1 Bh4 40. Rf1 Bg3 41. Be6 h5 42. Bd5 a5 43. Bb3 a4 44. Bd5 b4 45. Kg1 b3 46. axb3 a3 47. b4 a2 48. Bxa2 Rxa2 49. Rb1 Be5 50. b5 Ra1 51. Rxa1 Bxa1 52. Kf2 Kf6 53. Kf3 Kf5 54. Ke3 Be5 55. b6 g5 56. b7 g4 57. Kf2 Kf4 58. Kg1 Kg3 59. Kh1 Kf2 60. hxg4 hxg4 61. g3 Kxg3 62. Kg1 Kh3 63. Kh1 g3 64. Kg1 Bb8 65. Kh1 g2+ 0-1

[Event "FRA-chT2 East 0708"]
[Site "France"]
[Date "2008.04.06"]
[Round "11.5"]
[White "Martin, Cedric"]
[Black "Staeger, Pascal"]
[Result "1-0"]
[WhiteElo "2125"]
[BlackElo "2112"]
[PlyCount "79"]
[EventDate "2007.10.21"]
[EventType "team-tourn"]
[EventRounds "11"]
[EventCountry "FRA"]
[SourceTitle "EXT 2009"]
[Source "ChessBase"]
[SourceDate "2008.11.26"]
[SourceVersion "1"]
[SourceVersionDate "2008.11.26"]
[SourceQuality "1"]
[WhiteTeam "Mundolsheim"]
[BlackTeam "Metz Fischer II"]
[WhiteTeamCountry "FRA"]
[BlackTeamCountry "FRA"]

1. e4 d5 2. exd5 Qxd5 3. Nc3 Qd6 4. Bc4 Nf6 5. d4 a6 6. f3 b5 7. Bb3 Bb7 8. Nge2 e6 9. Be3 Nbd7 10. a4 b4 11. Nb1 Nd5 12. Bf2 g6 13. Nd2 a5 14. Ne4 Qe7 15. 0-0 f5 16. N4g3 Bg7 17. Re1 Kf7 18. c4 bxc3 19. bxc3 c6 20. Rb1 Rab8 21. c4 Nc7 22. Nf4 Nf6 23. Nd3 Rhd8 24. Ne2 g5 25. Qd2 g4 26. Qxa5 gxf3 27. Ne5+ Kg8 28. Nxf3 Ne4 29. Bh4 Bf6 30. Bxf6 Nxf6 31. Nf4 Ne4 32. Bc2 c5 33. Bxe4 fxe4 34. Nd2 Rxd4 35. Qc3 Qd6 36. Qg3+ Kh8 37. Nxe4 Rxe4 38. Rxe4 Rg8 39. Qc3+ e5 40. Rxb7 1-0

[Event "Selestat op 15th"]
[Site "Selestat"]
[Date "2008.02.22"]
[Round "2"]
[White "Martin, Cedric"]
[Black "Ikonnikov, Vyacheslav"]
[Result "0-1"]
[WhiteElo "2102"]
[BlackElo "2564"]
[PlyCount "68"]
[EventDate "2008.02.21"]
[EventType "swiss"]
[EventRounds "7"]
[EventCountry "FRA"]
[SourceTitle "CBM 122 Extra"]
[Source "ChessBase"]
[SourceDate "2008.03.04"]
[SourceVersion "1"]
[SourceVersionDate "2008.03.04"]
[SourceQuality "1"]

1. e4 c5 2. Nf3 Nc6 3. d4 cxd4 4. Nxd4 e5 5. Nb5 d6 6. c4 Be7 7. Be2 f5 8. exf5 Bxf5 9. Be3 Nf6 10. N5c3 0-0 11. 0-0 Nb4 12. Na3 Kh8 13. Qb3 a5 14. Rac1 Ng4 15. Bxg4 Bxg4 16. f3 Bf5 17. Ne4 d5 18. cxd5 a4 19. Qc4 Nxd5 20. Bc5 Nf4 21. Rfd1 Bxc5+ 22. Nxc5 Qg5 23. Qf1 e4 24. Kh1 exf3 25. g3 Ne2 26. Rc4 Qe3 27. Nc2 Bxc2 28. Rxc2 Rac8 29. Rd3 Qxd3 30. Nxd3 Rxc2 31. a3 g5 32. Qf2 Rd2 33. Ne1 Rd1 34. h3 Rxe1+ 0-1

[Event "FRA-chT2 East 0708"]
[Site "France"]
[Date "2008.01.20"]
[Round "6.4"]
[White "Martin, Cedric"]
[Black "Sonnet, Jean Pierre"]
[Result "1-0"]
[WhiteElo "2102"]
[BlackElo "2133"]
[PlyCount "127"]
[EventDate "2007.10.21"]
[EventType "team-tourn"]
[EventRounds "11"]
[EventCountry "FRA"]
[SourceTitle "EXT 2009"]
[Source "ChessBase"]
[SourceDate "2008.11.26"]
[SourceVersion "1"]
[SourceVersionDate "2008.11.26"]
[SourceQuality "1"]
[WhiteTeam "Mundolsheim"]
[BlackTeam "Besancon TPG II"]
[WhiteTeamCountry "FRA"]
[BlackTeamCountry "FRA"]

1. e4 c5 2. Nf3 d6 3. d4 cxd4 4. Nxd4 Nf6 5. Nc3 a6 6. Be2 e5 7. Nb3 Be7 8. 0-0 0-0 9. Kh1 Qc7 10. g4 Be6 11. g5 Nfd7 12. Rg1 Nb6 13. a4 Nc4 14. Nd5 Bxd5 15. Qxd5 Nb6 16. Qd3 Rc8 17. a5 N6d7 18. Be3 Nc6 19. c3 Nc5 20. Qd5 Nxb3 21. Bb6 Qb8 22. Qxb3 g6 23. Bc4 Rf8 24. Qd1 Qc8 25. Bd5 Kh8 26. Qd2 f6 27. gxf6 Rxf6 28. Qh6 Qf8 29. Qh3 Qc8 30. Qh6 Qf8 31. Qh3 Qc8 32. Qxc8+ Rxc8 33. Rg3 Rcf8 34. Kg1 Kg7 35. b4 Bd8 36. Be3 Rf3 37. Kg2 Rxg3+ 38. fxg3 h6 39. Rd1 Bc7 40. Rd2 g5 41. h3 Rb8 42. Rf2 Nd8 43. Rf5 b6 44. axb6 Bxb6 45. Bxb6 Rxb6 46. Rf2 Kg6 47. Ra2 Nc6 48. Ra3 Nb8 49. Kf3 Nd7 50. Bc4 Nb8 51. Ke3 Rc6 52. Kd3 h5 53. Ra2 Rb6 54. Ra5 Kg7 55. Ra1 Kg6 56. Rf1 Nc6 57. Bf7+ Kh6 58. Bd5 Kg6 59. Rf8 Kg7 60. Rf7+ Kg6 61. Rc7 Nb8 62. Kc4 Kf6 63. Rf7+ Kg6 64. Rb7 1-0

[Event "FRA-chT2 East 0708"]
[Site "France"]
[Date "2007.12.16"]
[Round "4.4"]
[White "Martin, Cedric"]
[Black "Bakalarz, Mietek"]
[Result "0-1"]
[WhiteElo "2091"]
[BlackElo "2342"]
[PlyCount "84"]
[EventDate "2007.10.21"]
[EventType "team-tourn"]
[EventRounds "11"]
[EventCountry "FRA"]
[SourceTitle "EXT 2009"]
[Source "ChessBase"]
[SourceDate "2008.11.26"]
[SourceVersion "1"]
[SourceVersionDate "2008.11.26"]
[SourceQuality "1"]
[WhiteTeam "Mundolsheim"]
[BlackTeam "Epinal"]
[WhiteTeamCountry "FRA"]
[BlackTeamCountry "FRA"]

1. e4 c5 2. Nf3 d6 3. d4 cxd4 4. Nxd4 Nf6 5. Nc3 g6 6. h3 Bg7 7. g3 Nc6 8. Be3 0-0 9. Bg2 Bd7 10. Qd2 Rc8 11. 0-0 Re8 12. a4 Ne5 13. b3 Qa5 14. Nce2 Qxd2 15. Bxd2 Nc6 16. Nb5 a6 17. Na3 Be6 18. c4 Nd7 19. Rab1 Nc5 20. Rfd1 f5 21. f3 fxe4 22. fxe4 Rf8 23. Bc3 Bxc3 24. Nxc3 a5 25. Nc2 Rf7 26. Nd4 Nxd4 27. Rxd4 Rcf8 28. Rd2 g5 29. Nb5 Kg7 30. Nd4 Bd7 31. Re2 e5 32. Nb5 Bxb5 33. axb5 Kf6 34. Kf2 Ke7+ 35. Ke3 h5 36. Rbb2 g4 37. h4 Nxb3 38. Rxb3 Rf3+ 39. Bxf3 Rxf3+ 40. Kd2 Rxb3 41. Ke1 Rxg3 42. Ra2 b6 0-1

[Event "FRA-ch U16"]
[Site "Le Grand Bornand"]
[Date "2007.12.04"]
[Round "9"]
[White "Blum, Nicolas"]
[Black "Martin, Cedric"]
[Result "1-0"]
[WhiteElo "2124"]
[BlackElo "2029"]
[PlyCount "71"]
[EventDate "2007.04.07"]
[EventType "swiss"]
[EventRounds "9"]
[EventCountry "FRA"]
[SourceTitle "CBM 118 Extra"]
[Source "ChessBase"]
[SourceDate "2007.07.04"]
[SourceVersion "1"]
[SourceVersionDate "2007.07.04"]
[SourceQuality "1"]

1. e4 e6 2. d4 d5 3. Nc3 dxe4 4. Nxe4 Nd7 5. Nf3 Ngf6 6. Nxf6+ Nxf6 7. c3 c5 8. Be3 cxd4 9. Bxd4 Be7 10. Bd3 0-0 11. Qc2 h6 12. Qe2 Qd5 13. 0-0 Bd7 14. Ne5 Bc6 15. Nxc6 Qxc6 16. Rad1 Qa4 17. Bb1 Rfd8 18. Rd3 Rd5 19. Rf3 Rad8 20. a3 Qa5 21. Ba2 R5d6 22. Rg3 b6 23. Qf3 Kf8 24. Qe2 Nh5 25. Rf3 Bf6 26. Be3 Be5 27. Bc1 Bf6 28. g4 Qa4 29. gxh5 Qg4+ 30. Kh1 Be5 31. Rxf7+ Kxf7 32. Qxg4 Bf6 33. Bf4 Rc6 34. Re1 Re8 35. Qg6+ Kf8 36. Bd5 1-0

[Event "FRA-ch U16"]
[Site "Le Grand Bornand"]
[Date "2007.04.09"]
[Round "3"]
[White "Charmeteau, Sven"]
[Black "Martin, Cedric"]
[Result "0-1"]
[WhiteElo "2149"]
[BlackElo "2029"]
[PlyCount "88"]
[EventDate "2007.04.07"]
[EventType "swiss"]
[EventRounds "9"]
[EventCountry "FRA"]
[SourceTitle "CBM 118 Extra"]
[Source "ChessBase"]
[SourceDate "2007.07.04"]
[SourceVersion "1"]
[SourceVersionDate "2007.07.04"]
[SourceQuality "1"]

1. e4 c5 2. Nc3 Nc6 3. f4 g6 4. Nf3 Bg7 5. Bb5 Nd4 6. 0-0 a6 7. Bd3 d6 8. Nxd4 cxd4 9. Ne2 Nf6 10. Kh1 Nd7 11. b4 Qb6 12. c3 dxc3 13. dxc3 a5 14. Rb1 axb4 15. Rxb4 Qc7 16. a4 0-0 17. Bb2 Nc5 18. Bb5 Bd7 19. Qc2 Bc6 20. Rc4 Qd7 21. Nd4 Bxb5 22. axb5 Rfc8 23. Rd1 Qg4 24. Ne2 Ra2 25. Rb4 Rca8 26. h3 Qe6 27. f5 Qf6 28. Nf4 Qh4 29. e5 Qg3 30. f6 exf6 31. exd6 f5 32. Ne2 Qe5 33. d7 Qe7 34. Rc4 Rd8 35. Nc1 Raa8 36. Qe2 Ne4 37. Qf3 Rxd7 38. Rxd7 Qxd7 39. Rxe4 fxe4 40. Qxe4 Qxb5 41. Nd3 Re8 42. Qf3 Rd8 43. Nb4 Be5 44. Bc1 Qd7 0-1

[Event "FRA-chT3 Gr14 0607"]
[Site "France"]
[Date "2007.03.18"]
[Round "8.4"]
[White "Bodlenner, Camille"]
[Black "Martin, Cedric"]
[Result "1/2-1/2"]
[WhiteElo "1875"]
[BlackElo "2028"]
[PlyCount "59"]
[EventDate "2006.10.15"]
[EventType "team-tourn"]
[EventRounds "9"]
[EventCountry "FRA"]
[SourceTitle "EXT 2008"]
[Source "ChessBase"]
[SourceDate "2007.11.25"]
[SourceVersion "1"]
[SourceVersionDate "2007.11.25"]
[SourceQuality "1"]

1. e4 c5 2. d4 cxd4 3. c3 dxc3 4. Nxc3 e6 5. Nf3 a6 6. Bc4 b5 7. Bb3 Bb7 8. Qe2 d6 9. 0-0 Nf6 10. a3 Be7 11. Rd1 Nbd7 12. Bc2 0-0 13. Bf4 Qb6 14. Be3 Qc7 15. Rac1 Rac8 16. Bb1 Qb8 17. Bc2 Rfd8 18. Bg5 Nc5 19. Nd4 Ba8 20. f4 Qb7 21. b4 Ncd7 22. Bb1 Nb6 23. e5 dxe5 24. fxe5 Rxc3 25. Rxc3 Nfd5 26. Bxh7+ Kxh7 27. Rh3+ Kg8 28. Qh5 f6 29. Qh8+ Kf7 30. Qh5+ 1/2-1/2

[Event "FRA-chT3 Gr14 0607"]
[Site "France"]
[Date "2007.01.21"]
[Round "5.3"]
[White "Armbrust, Florian"]
[Black "Martin, Cedric"]
[Result "0-1"]
[WhiteElo "2261"]
[BlackElo "2028"]
[PlyCount "71"]
[EventDate "2006.10.15"]
[EventType "team-tourn"]
[EventRounds "9"]
[EventCountry "FRA"]
[SourceTitle "EXT 2008"]
[Source "ChessBase"]
[SourceDate "2007.11.25"]
[SourceVersion "1"]
[SourceVersionDate "2007.11.25"]
[SourceQuality "1"]

1. e4 c5 2. Nc3 d6 3. f4 g6 4. Nf3 Bg7 5. Bc4 e6 6. 0-0 Nc6 7. d3 Nge7 8. Qe1 0-0 9. Kh1 Na5 10. Bd2 b6 11. a3 Nxc4 12. dxc4 Ba6 13. Qe2 d5 14. exd5 exd5 15. Rfe1 Re8 16. b3 dxc4 17. bxc4 Nf5 18. Qf1 Ne3 19. Rxe3 Rxe3 20. Bxe3 Bxc3 21. Rd1 Qf6 22. Qd3 Re8 23. Ne5 Bxe5 24. fxe5 Qxe5 25. Re1 Qe4 26. Qd7 Bxc4 27. Qd2 Bd5 28. Qf2 Qc4 29. Kg1 f5 30. Rd1 Qe4 31. Re1 Bc6 32. Kf1 Kf7 33. Qd2 Qc4+ 34. Kg1 Qd5 35. Qf2 Kg7 36. Rf1 0-1

[Event "FRA-ch U14"]
[Site "Aix les Bains"]
[Date "2006.04.17"]
[Round "3"]
[White "Martin, Cedric"]
[Black "Graca, Robert"]
[Result "0-1"]
[WhiteElo "2012"]
[BlackElo "1893"]
[PlyCount "132"]
[EventDate "2006.04.16"]
[EventType "swiss"]
[EventRounds "9"]
[EventCountry "FRA"]
[SourceTitle "EXT 2007"]
[Source "ChessBase"]
[SourceDate "2006.11.23"]
[SourceVersion "1"]
[SourceVersionDate "2006.11.23"]
[SourceQuality "1"]

1. e4 c5 2. Nf3 Nc6 3. d4 cxd4 4. Nxd4 d5 5. exd5 Qxd5 6. Be3 Nxd4 7. Bxd4 e5 8. Be3 Qxd1+ 9. Kxd1 Bd7 10. Bc4 f5 11. f3 0-0-0 12. Ke2 Kb8 13. Nc3 Nf6 14. Rad1 Be7 15. Nb5 Rc8 16. Bxa7+ Ka8 17. Rxd7 Nxd7 18. b3 Rhd8 19. a4 Nb8 20. Bb6 Rd7 21. a5 Bg5 22. Rd1 Rxd1 23. Kxd1 Nd7 24. Bc7 Nc5 25. Bd5 e4 26. b4 Na6 27. Bd6 e3 28. c4 f4 29. Ke2 Bf6 30. Be6 Rd8 31. Bf5 g5 32. h3 h5 33. Bd3 Rd7 34. Bg6 Be7 35. Bxe7 Rxe7 36. Bxh5 Rd7 37. Nc3 Rd2+ 38. Kf1 Rf2+ 39. Ke1 Nxb4 40. Bg6 Rxg2 41. Be4 Rd2 42. c5 Kb8 43. Bf5 Nd3+ 44. Bxd3 Rxd3 45. Ne4 Rd5 46. Ke2 Ka7 47. Ke1 Ka6 48. Ke2 Kxa5 49. Nd6 Rxc5 50. Nxb7+ Kb6 51. Nd8 Kc7 52. Ne6+ Kd6 53. Nd4 Rd5 54. Nb3 Ke5 55. Ke1 Kf5 56. Nc1 Kg6 57. Ne2 Kh5 58. Nc3 Ra5 59. Ne4 Kh4 60. Ke2 Kxh3 61. Nf6 Ra2+ 62. Ke1 Kg2 63. Ne4 Kxf3 64. Nxg5+ Kg2 65. Ne6 f3 66. Nf4+ Kh2 0-1

[Event "FRA-ch U14"]
[Site "Calvi"]
[Date "2005.04.22"]
[Round "7"]
[White "Martin, Cedric"]
[Black "Milandre, Olivier"]
[Result "1/2-1/2"]
[WhiteElo "1958"]
[BlackElo "1988"]
[PlyCount "62"]
[EventDate "2005.04.??"]
[EventType "swiss"]
[EventRounds "9"]
[EventCountry "FRA"]
[SourceTitle "EXT 2006"]
[Source "ChessBase"]
[SourceDate "2005.11.24"]
[SourceVersion "1"]
[SourceVersionDate "2005.11.24"]
[SourceQuality "1"]

1. e4 e6 2. d4 d5 3. Nd2 dxe4 4. Nxe4 Nd7 5. g3 Ngf6 6. Nxf6+ Nxf6 7. Bg2 e5 8. Ne2 exd4 9. Qxd4 Qxd4 10. Nxd4 Bb4+ 11. c3 Ba5 12. Bf4 0-0 13. 0-0 Nh5 14. Be3 Bb6 15. Rfe1 Nf6 16. b4 c6 17. a4 Nd5 18. Bd2 Nxb4 19. cxb4 Bxd4 20. Rac1 Be6 21. b5 cxb5 22. axb5 Rfd8 23. Ba5 Rd7 24. Red1 Rb8 25. Bc7 Rc8 26. Bxb7 Rcxc7 27. Rxc7 Rxc7 28. Rxd4 g6 29. Bc6 Kg7 30. Ra4 Bd7 31. Ra6 Kf8 1/2-1/2

[Event "FRA-ch U14"]
[Site "Calvi"]
[Date "2005.04.20"]
[Round "5"]
[White "Nahed, Yann"]
[Black "Martin, Cedric"]
[Result "0-1"]
[WhiteElo "2031"]
[BlackElo "1958"]
[PlyCount "62"]
[EventDate "2005.04.??"]
[EventType "swiss"]
[EventRounds "9"]
[EventCountry "FRA"]
[SourceTitle "EXT 2006"]
[Source "ChessBase"]
[SourceDate "2005.11.24"]
[SourceVersion "1"]
[SourceVersionDate "2005.11.24"]
[SourceQuality "1"]

1. e4 c5 2. Nf3 d6 3. d4 Nf6 4. Nc3 cxd4 5. Nxd4 a6 6. Be2 e6 7. 0-0 Be7 8. f4 0-0 9. Kh1 Qc7 10. Qe1 b5 11. Bf3 Bb7 12. a4 b4 13. Na2 Qc4 14. e5 Nd5 15. Qf2 dxe5 16. fxe5 Bc5 17. Rd1 Nc6 18. c3 bxc3 19. b3 Qxb3 20. Nxb3 Bxf2 21. Bxd5 exd5 22. Rxd5 Rad8 23. Nxc3 Rxd5 24. Nxd5 Rd8 25. Nc3 Nxe5 26. Ba3 Rc8 27. Rd1 h5 28. Bb4 Rc4 29. Ba5 Rg4 30. Nd5 Nc4 31. h3 Rg5 0-1

[Event "FRA-ch U14"]
[Site "Calvi"]
[Date "2005.04.19"]
[Round "4"]
[White "Martin, Cedric"]
[Black "Castro, John"]
[Result "1-0"]
[WhiteElo "1958"]
[BlackElo "2060"]
[PlyCount "59"]
[EventDate "2005.04.??"]
[EventType "swiss"]
[EventRounds "9"]
[EventCountry "FRA"]
[SourceTitle "EXT 2006"]
[Source "ChessBase"]
[SourceDate "2005.11.24"]
[SourceVersion "1"]
[SourceVersionDate "2005.11.24"]
[SourceQuality "1"]

1. e4 e6 2. d4 d5 3. Nd2 Nf6 4. e5 Nfd7 5. f4 c5 6. c3 Nc6 7. Ndf3 Be7 8. Bd3 0-0 9. Ne2 a6 10. h4 b5 11. h5 Bb7 12. Bb1 cxd4 13. cxd4 Rc8 14. Qd3 f5 15. exf6 Nxf6 16. a3 Qa5+ 17. Bd2 Bb4 18. Ra2 Bxd2+ 19. Nxd2 Ne7 20. b4 Qb6 21. g4 Qd6 22. Rf1 Ne4 23. Nb3 Nc6 24. Nc5 Ba8 25. Nxe4 dxe4 26. Qxe4 Nxd4 27. Qxh7+ Kf7 28. Bg6+ Ke7 29. Qxg7+ Kd8 30. Rd2 1-0

[Event "FRA-ch U12"]
[Site "Le Grand Bornand"]
[Date "2003.??.??"]
[Round "7.7"]
[White "Charmeteau, Sven"]
[Black "Martin, Cedric"]
[Result "0-1"]
[WhiteElo "2070"]
[BlackElo "1610"]
[PlyCount "78"]
[EventDate "2003.??.??"]
[EventType "swiss"]
[EventRounds "9"]
[EventCountry "FRA"]
[SourceTitle "EXT 2004"]
[Source "ChessBase"]
[SourceDate "2003.11.25"]
[SourceVersion "1"]
[SourceVersionDate "2003.11.25"]
[SourceQuality "1"]

1. e4 e5 2. Nf3 Nf6 3. Nxe5 d6 4. Nf3 Nxe4 5. d4 d5 6. Bd3 Nc6 7. 0-0 Bg4 8. Re1 f5 9. h3 Bh5 10. c3 Bd6 11. Nbd2 Qf6 12. Qb3 0-0-0 13. a4 g5 14. Kf1 g4 15. Ng1 Ne7 16. a5 Nxd2+ 17. Bxd2 f4 18. hxg4 Bxg4 19. f3 Bd7 20. Qc2 h5 21. Re2 h4 22. Rae1 h3 23. gxh3 Bxh3+ 24. Nxh3 Rxh3 25. Rf2 Rh1+ 26. Ke2 Qe6+ 27. Be4 dxe4 28. Qxe4 Qc4+ 29. Kd1 Qb3+ 30. Kc1 Re8 31. Rfe2 a6 32. Rg2 Qb5 33. Qe6+ Kb8 34. Rge2 Reh8 35. c4 Qc6 36. Kb1 Bb4 37. Ka2 Qa4+ 38. Kb1 Qb3 39. Qe5 Bc3 0-1